{"text_format":"3","workbook":"xlsx","n_sheets":2,"sheets":["Inventurliste","Listen"],"not_rendered":{"defined_names":3},"read":"whole","date_system":"1900"}

{"sheet":"Inventurliste","index":0,"n_rows":51,"n_cols":16,"rows_kept":51,"merged":[[0,0,0,7],[0,8,0,15],[1,0,1,15],[2,0,2,1],[2,2,2,7],[2,8,2,9],[2,10,2,15],[3,0,3,1],[3,2,3,7],[3,8,3,9],[3,10,3,15],[4,0,4,1],[4,2,4,7],[4,8,4,9],[4,10,4,15],[5,0,5,1],[5,2,5,7],[5,8,5,9],[5,10,5,15],[7,0,7,3],[7,4,7,7],[7,8,7,11],[7,12,7,15],[8,0,8,3],[8,4,8,7],[8,8,8,11],[8,12,8,15],[41,0,41,9],[41,11,41,15],[43,0,43,15],[44,0,44,15],[45,0,45,15],[46,0,46,15],[47,0,47,15],[48,0,48,15],[49,0,49,15],[50,0,50,15]]}
["INVENTURLISTE VORLAGE",{"$nulls":7},"Nordbach Handels GmbH"]
["Bestandsaufnahme · Stichtagsinventur zum 31.12.2026"]
["FIRMA",null,"Nordbach Handels GmbH",{"$nulls":5},"INVENTUR-NR.",null,"INV-2026-001"]
["ANSCHRIFT",null,"Industrieweg 12 · 40476 Düsseldorf",{"$nulls":5},"INVENTURDATUM",null,"2026-12-31"]
["LAGER / STANDORT",null,"Zentrallager – Halle 1",{"$nulls":5},"INVENTURART",null,"Stichtagsinventur"]
["INVENTURLEITER/IN",null,"Erika Mustermann",{"$nulls":5},"GESCHÄFTSJAHR",null,"2026"]
[]
["ERFASSTE ARTIKEL",{"$nulls":3},"GESAMTER INVENTURWERT",{"$nulls":3},"POSITIONEN MIT DIFFERENZ",{"$nulls":3},"ARTIKEL NACHZUBESTELLEN"]
[{"$f":"COUNTA($C$12:$C$40)","v":15},{"$nulls":3},{"$f":"SUM($K$12:$K$40)","v":{"v":10180.949999999999,"d":"10,180.95 €"}},{"$nulls":3},{"$f":"SUMPRODUCT((ISNUMBER($I$12:$I$40))*($I$12:$I$40<>0))","v":10},{"$nulls":3},{"$f":"COUNTIF($M$12:$M$40,\"Nachbestellen\")+COUNTIF($M$12:$M$40,\"Nicht vorrätig\")","v":3}]
[]
["Pos.","Artikel-Nr.","Artikelbezeichnung","Warengruppe","Lagerort","Einheit","Sollbestand","Istbestand","Differenz","Einzelpreis (€)","Inventurwert (€)","Mindestbestand","Status","Zustand","Erfasst von","Bemerkung"]
[{"$f":"IF($C12=\"\",\"\",ROW()-11)","v":1},"A-1001","Kopierpapier A4 80 g","Bürobedarf","Regal A1","Karton",{"v":120,"d":"120."},{"v":118,"d":"118."},{"$f":"IF($C12=\"\",\"\",$H12-$G12)","v":{"v":-2,"d":"-2."}},{"v":3.45,"d":"3.45 €"},{"$f":"IF($C12=\"\",\"\",$H12*$J12)","v":{"v":407.1,"d":"407.10 €"}},{"v":40,"d":"40."},{"$f":"IF($C12=\"\",\"\",IF($H12=0,\"Nicht vorrätig\",IF($H12<=$L12,\"Nachbestellen\",\"OK\")))","v":"OK"},"Neu","E. Mustermann","2 Kartons für Sonderaktion entnommen"]
[2,"A-1002","Toner schwarz (kompatibel)","IT-Zubehör","Regal A2","Stück",{"v":24,"d":"24."},{"v":24,"d":"24."},{"v":0,"d":"0."},{"v":18.9,"d":"18.90 €"},{"v":453.59999999999997,"d":"453.60 €"},{"v":10,"d":"10."},"OK","Neu","E. Mustermann"]
[3,"A-1003","Kugelschreiber blau","Bürobedarf","Regal A1","Packung",{"v":60,"d":"60."},{"v":55,"d":"55."},{"v":-5,"d":"-5."},{"v":2.1,"d":"2.10 €"},{"v":115.5,"d":"115.50 €"},{"v":20,"d":"20."},"OK","Gut","M. Krause"]
[4,"A-1004","Aktenordner 8 cm","Bürobedarf","Regal B1","Stück",{"v":80,"d":"80."},{"v":92,"d":"92."},{"v":12,"d":"12."},{"v":1.75,"d":"1.75 €"},{"v":161,"d":"161.00 €"},{"v":30,"d":"30."},"OK","Neu","M. Krause","Nachlieferung eingetroffen"]
[5,"A-1005","USB-Stick 32 GB","IT-Zubehör","Regal A2","Stück",{"v":40,"d":"40."},{"v":12,"d":"12."},{"v":-28,"d":"-28."},{"v":6.5,"d":"6.50 €"},{"v":78,"d":"78.00 €"},{"v":15,"d":"15."},"Nachbestellen","Gut","E. Mustermann","Verbrauch höher als geplant"]
[6,"A-1006","Versandkarton Gr. M","Verpackung","Lager 1","Stück",{"v":300,"d":"300."},{"v":300,"d":"300."},{"v":0,"d":"0."},{"v":0.85,"d":"0.85 €"},{"v":255,"d":"255.00 €"},{"v":100,"d":"100."},"OK","Neu","T. Wolf"]
[7,"A-1007","Klebeband transparent","Verpackung","Lager 1","Rolle",{"v":50,"d":"50."},{"v":44,"d":"44."},{"v":-6,"d":"-6."},{"v":1.2,"d":"1.20 €"},{"v":52.8,"d":"52.80 €"},{"v":20,"d":"20."},"OK","Gut","T. Wolf"]
[8,"A-1008","Handseife Nachfüllbeutel","Reinigung","Lager 2","Liter",{"v":30,"d":"30."},{"v":28,"d":"28."},{"v":-2,"d":"-2."},{"v":4.3,"d":"4.30 €"},{"v":120.39999999999999,"d":"120.40 €"},{"v":12,"d":"12."},"OK","Neu","A. Roth"]
[9,"A-1009","Reinigungstücher","Reinigung","Lager 2","Packung",{"v":45,"d":"45."},{"v":0,"d":"0."},{"v":-45,"d":"-45."},{"v":3.9,"d":"3.90 €"},{"v":0,"d":"0.00 €"},{"v":10,"d":"10."},"Nicht vorrätig",null,"A. Roth","Bestand vollständig verbraucht"]
[10,"A-1010","Notebook 14\"","IT-Zubehör","Büro","Stück",{"v":8,"d":"8."},{"v":8,"d":"8."},{"v":0,"d":"0."},{"v":749,"d":"749.00 €"},{"v":5992,"d":"5,992.00 €"},{"v":2,"d":"2."},"OK","Gut","E. Mustermann"]
[11,"A-1011","Monitor 24\"","IT-Zubehör","Büro","Stück",{"v":10,"d":"10."},{"v":9,"d":"9."},{"v":-1,"d":"-1."},{"v":139,"d":"139.00 €"},{"v":1251,"d":"1,251.00 €"},{"v":3,"d":"3."},"OK","Gut","E. Mustermann","1 Gerät defekt aussortiert"]
[12,"A-1012","Palettenhubwagen","Lagertechnik","Lager 1","Stück",{"v":3,"d":"3."},{"v":3,"d":"3."},{"v":0,"d":"0."},{"v":320,"d":"320.00 €"},{"v":960,"d":"960.00 €"},{"v":1,"d":"1."},"OK","Gebraucht","T. Wolf"]
[13,"A-1013","Schutzhandschuhe (Paar)","Werkzeug","Regal C1","Packung",{"v":40,"d":"40."},{"v":35,"d":"35."},{"v":-5,"d":"-5."},{"v":5.6,"d":"5.60 €"},{"v":196,"d":"196.00 €"},{"v":15,"d":"15."},"OK","Neu","A. Roth"]
[14,"A-1014","Kabelbinder-Sortiment","Werkzeug","Regal C1","Packung",{"v":25,"d":"25."},{"v":25,"d":"25."},{"v":0,"d":"0."},{"v":4.15,"d":"4.15 €"},{"v":103.75000000000001,"d":"103.75 €"},{"v":8,"d":"8."},"OK","Neu","A. Roth"]
[15,"A-1015","Druckerpapier farbig A4","Bürobedarf","Regal A1","Karton",{"v":20,"d":"20."},{"v":6,"d":"6."},{"v":-14,"d":"-14."},{"v":5.8,"d":"5.80 €"},{"v":34.8,"d":"34.80 €"},{"v":8,"d":"8."},"Nachbestellen","Gut","M. Krause","Sonderposten – Bestand niedrig"]
["",{"$nulls":7},"",null,"",null,""]
["",{"$nulls":7},"",null,"",null,""]
["",{"$nulls":7},"",null,"",null,""]
["",{"$nulls":7},"",null,"",null,""]
["",{"$nulls":7},"",null,"",null,""]
["",{"$nulls":7},"",null,"",null,""]
["",{"$nulls":7},"",null,"",null,""]
["",{"$nulls":7},"",null,"",null,""]
["",{"$nulls":7},"",null,"",null,""]
["",{"$nulls":7},"",null,"",null,""]
["",{"$nulls":7},"",null,"",null,""]
["",{"$nulls":7},"",null,"",null,""]
["",{"$nulls":7},"",null,"",null,""]
["",{"$nulls":7},"",null,"",null,""]
[]
["GESAMTINVENTURWERT (Summe aller gezählten Positionen)",{"$nulls":9},{"$f":"SUM($K$12:$K$40)","v":{"v":10180.949999999999,"d":"10,180.95 €"}}]
[]
["LEGENDE & HINWEISE ZUR NUTZUNG"]
["•   Weiß hinterlegte Felder sind Eingabefelder – hier tragen Sie Ihre Werte ein."]
["•   Grau hinterlegte Spalten (Pos., Differenz, Inventurwert, Status) werden automatisch berechnet – bitte nicht überschreiben."]
["•   Die Felder Warengruppe, Lagerort, Einheit und Zustand enthalten Auswahllisten (Dropdown zum Anklicken)."]
["•   Differenz = Istbestand − Sollbestand · Rot = Fehlbestand, Grün = Überbestand."]
["•   Inventurwert = Istbestand × Einzelpreis · Der Balken zeigt den Wertanteil je Position."]
["•   Status:  „OK\" = Bestand ausreichend   ·   „Nachbestellen\" = Bestand ≤ Mindestbestand   ·   „Nicht vorrätig\" = Bestand 0."]
["•   Neue Artikel einfach in einer leeren Zeile ergänzen – die Berechnungsspalten übernehmen die Formeln automatisch."]

{"sheet":"Listen","index":1,"n_rows":10,"n_cols":4,"rows_kept":10,"hidden":true}
["Warengruppe","Lagerort","Einheit","Zustand"]
["Bürobedarf","Regal A1","Stück","Neu"]
["IT-Zubehör","Regal A2","Packung","Gut"]
["Verpackung","Regal B1","Karton","Gebraucht"]
["Reinigung","Regal B2","Palette","Beschädigt"]
["Werkzeug","Regal C1","Liter","Defekt"]
["Lagertechnik","Lager 1","Kilogramm"]
["Sonstiges","Lager 2","Meter"]
[null,"Außenlager","Rolle"]
[null,"Büro"]